000 00765nam a2200277Ia 4500
005 20260324122333.0
008 008 260324s9999 xx 000 0 eng d
020 _a9781003553854
037 _aEBOOK
040 _aCRL
040 _beng
040 _cCRL
041 _2eng
041 _aeng
084 _qCRL
100 _aEmma Major; Caroline Bowden; Michael Questier; Carmen M Mangion; Richard G Williams; James E Kelly; Katrien Daemen-de Gelder
_91166055
245 0 _aEnglish Convents in Exile, 1600-1800, Part II, vol 5
260 _bTaylor and Francis
260 _c2013
365 _a
365 _b290
856 _uhttp://www.taylorfrancis.com/books/9781003553854
942 _cEBOOK
999 _c1758709
_d1758709